Currency and contest in East Asia (Record no. 1111746)

MARC details
000 -LEADER
fixed length control field 00993nam a2200301Ia 4500
003 - CONTROL NUMBER IDENTIFIER
control field OSt
005 - DATE AND TIME OF LATEST TRANSACTION
control field 20221006155837.0
008 - FIXED-LENGTH DATA ELEMENTS--GENERAL INFORMATION
fixed length control field 221006b |||||||| |||| 00| 0 eng d
020 ## - INTERNATIONAL STANDARD BOOK NUMBER
International Standard Book Number 9780801446894
037 ## - SOURCE OF ACQUISITION
Terms of availability Textual
040 ## - CATALOGING SOURCE
Original cataloging agency EASL
Transcribing agency EASL
Language of cataloging eng
041 ## - LANGUAGE CODE
Source of code eng
Language code of text/sound track or separate title eng
100 ## - MAIN ENTRY--PERSONAL NAME
Personal name Grimes William W.
9 (RLIN) 666887
245 #0 - TITLE STATEMENT
Title Currency and contest in East Asia
Remainder of title The great power politics of financial regionalism
260 ## - PUBLICATION, DISTRIBUTION, ETC.
Place of publication, distribution, etc. Ithaca
Name of publisher, distributor, etc. Cornell University Press
Date of publication, distribution, etc. 2009
300 ## - PHYSICAL DESCRIPTION
Extent 274p.
Dimensions cm.
490 ## - SERIES STATEMENT
Volume/sequential designation Oth
Series statement Cornell studies in money
650 ## - SUBJECT ADDED ENTRY--TOPICAL TERM
Topical term or geographic name entry element East Asia - Foreign economic relations
650 ## - SUBJECT ADDED ENTRY--TOPICAL TERM
Topical term or geographic name entry element JEL
650 ## - SUBJECT ADDED ENTRY--TOPICAL TERM
Topical term or geographic name entry element Regionalism - East Asia
650 ## - SUBJECT ADDED ENTRY--TOPICAL TERM
Topical term or geographic name entry element Finance - East Asia
942 ## - ADDED ENTRY ELEMENTS (KOHA)
Classification part X56.49B.P07, P9
Koha item type Textual
Source of classification or shelving scheme Colon Classification (CC)
Holdings
Withdrawn status Lost status Source of classification or shelving scheme Damaged status Not for loan Home library Current library Date acquired Source of acquisition Serial Enumeration / chronology Total Checkouts Full call number Barcode Date last seen Price effective from Koha item type
    Colon Classification (CC)     Department of East Asian Studies Library Department of East Asian Studies Library 2022-10-06 360, 27/05/2013, Dhanraj Book House Oth   X56.49B.P07 P9 EA1396375 2022-10-06 2022-10-06 Textual
Copyright @ Delhi University Library System